00278nam a2200121Ia 4500008004100000082001600041100002200057245002500079250000800104260002700112300000900139650000800148191201s2012 xx 000 0 und d a658.15bBRF aBRIGHAM, Eugene F 0aFinancial Management a1st aN.DelhibThomsonc2012 a1067 aMBA